Complex analysis

This book features an integrated approach to the concept of differentiation for complex valued functions of a complex variable, unified Cauchy Riemann equations, a detailed discussion on the construction of Riemann surfaces for elementary functions leading to its abstract concept, step-by-step devel...

Ausführliche Beschreibung

Gespeichert in:
Bibliographische Detailangaben
1. Verfasser: Karunakaran, V
Format: Buch
Sprache:Undetermined
Veröffentlicht: Harrow, U.K. Alpha Science International 2006
Schlagworte:
Tags: Tag hinzufügen
Keine Tags, Fügen Sie den ersten Tag hinzu!
Thư viện lưu trữ: Trung tâm Học liệu Trường Đại học Cần Thơ
LEADER 01208nam a2200205Ia 4500
001 CTU_133337
008 210402s9999 xx 000 0 und d
020 |c 1138000 
082 |a 515.9 
082 |b K18 
100 |a Karunakaran, V 
245 0 |a Complex analysis 
245 0 |c V Karunakaran 
260 |a Harrow, U.K. 
260 |b Alpha Science International 
260 |c 2006 
520 |a This book features an integrated approach to the concept of differentiation for complex valued functions of a complex variable, unified Cauchy Riemann equations, a detailed discussion on the construction of Riemann surfaces for elementary functions leading to its abstract concept, step-by-step development of the most general form of Cauchy’s theorem, complex version of the real intermediate value theorem, exhaustive treatment of contour integration and an introduction to the theory of univalent functions on the unit disc including a brief history of the Bieberbach’s conjecture and its solution 
650 |a Mathematical analysis,Functions of complex variables,Hàm biến phức,Giải tích toán học 
904 |i Huỳnh Mai 
980 |a Trung tâm Học liệu Trường Đại học Cần Thơ